Enhancing global human rights
Na minha lista:
| Main Authors: | , , , |
|---|---|
| Formato: | Livro |
| Idioma: | inglês |
| Publicado em: |
Nueva York
McGraw-Hill
1979
|
| Colecção: | 1980s Project Studies. Council on Foreign Relations
|
| Assuntos: | |
| Tags: |
Adicionar Tag
Sem tags, seja o primeiro a adicionar uma tag!
|
MARC
| LEADER | 00000nam a2200000 a 4500 | ||
|---|---|---|---|
| 001 | UCT7012 | ||
| 003 | CL-VaPUC | ||
| 008 | 970116e19790000US |||||||||||||||||eng|d | ||
| 082 | 0 | 4 | |a 323.4 |b DOM |2 21 |
| 100 | 0 | |a Domínguez, Jorge I |e author |9 377554 | |
| 700 | 0 | |a Rodley, Nigel S |e author |9 377555 | |
| 700 | 0 | |a Wood, Bryce |e author |9 377556 | |
| 700 | |a Falk, Richard A |e author |9 456312 | ||
| 245 | 1 | 0 | |a Enhancing global human rights |
| 300 | |a 270 p | ||
| 942 | |c BK | ||
| 945 | |d 19970116 00:00:00 |a paguirre | ||
| 260 | |a Nueva York |b McGraw-Hill |c 1979 | ||
| 650 | 0 | |a Derechos humanos |9 223025 | |
| 650 | 0 | |a Relaciones Internacionales |9 255740 | |
| 650 | 0 | |a Violaciones de los derechos humanos |9 338464 | |
| 650 | 0 | |a Opresión |9 349344 | |
| 651 | 0 | |a América Latina |9 255027 | |
| 583 | |a last modification |c 19970116 00:00:00 |k Rodrigo Vera | ||
| 490 | 0 | |a 1980s Project Studies. Council on Foreign Relations | |
| 999 | |c 255676 |d 255674 | ||
| 952 | |0 0 |1 0 |4 0 |6 323_400000000000000_DOM_1979 |7 0 |8 A |9 278045 |a BIBDER |b BIBDER |d 2019-11-19 |i 1805231 |o 323.4 DOM 1979 |p 1805231 |r 2023-01-25 |w 2019-11-19 |y BK |k DER | ||